| 000 | 00574nam a22001937a 4500 | ||
|---|---|---|---|
| 003 | DO-SdBNP | ||
| 005 | 20180221101227.0 | ||
| 008 | 151209b 2003 pn a 00| 0 spa d | ||
| 020 | _a9789962629153 | ||
| 040 |
_aBPMSU _bspa _cBPMSU |
||
| 082 | 4 |
_axxxxx _bxxxxx |
|
| 100 | 1 | _aAlvarado, Patricia V. | |
| 245 | 1 |
_aGuillermo gusano se enamora / _cPatricia V. Alvarado |
|
| 260 |
_aPanamá : _bPiggy press, _c2003. _g(1a reimpresión 2007). |
||
| 300 |
_a32 p. : _bil. ; _c14 cm. |
||
| 942 |
_2ddc _cBK |
||
| 945 | _aInventariado, 2018 / BT | ||
| 956 |
_aBTAVAREZ _b10 _d20150912 _fBPMSU _h0038 |
||
| 999 |
_c9076 _d9076 |
||